000 00688nam a2200205 i 4500
001 55219
003 ES-MaACL
005 20230906163113.0
007 t|
008 030916s1969 sp a |||| | spa d
080 _a821.131.1-3"15"
100 1 _aCroce, Giulio Cesare.
_941659
245 1 0 _aDivertidas historias de las agudezas y astucias de Bertoldo, Bertoldino y Cacaseno /
_cGiulio Cesare della Croce.
250 _aEd. il.
260 _aBarcelona :
_bMillá,
_c[1969]
300 _a258 p. :
_bil. ;
_c16 cm.
594 _a"La Historia de Cacaseno" la escribió Adriano Banchieri (Camillo Scallieri, seud.)
700 1 _aBanchieri, Adriano.
_925162
852 _aES-MaACL
_jC-36728
999 _c55219
_d55219